000 00570nam a2200217Ia 4500
005 20231123143827.0
008 131103s9999 xx 000 0 und d
020 _a189782940 X
_cRs.55
040 _aLoreto College
041 _aEnglish
082 _a396
_bGON
100 _aGonsalves,Lina
245 _aWomen and the law
_cLina Gonsalves
260 _aNew Delhi
_bLancer International
_c1993
300 _axiii,128 p.
504 _aIncludes bibliographical references
650 _aWomen's Right
651 _aWomen Study
850 _aLCLIB
942 _cBK
999 _c11330
_d61809